000 00423pab a2200169 454500
008 180718b2008 xxu||||| |||| 00| 0 eng d
100 _aSingh, Balmiki Prasad
245 _aPerspective: the challenge of good governance in India
260 _c2008
300 _ap.84-109.
362 _aMar
650 _aGood governance
650 _aPublic administration
773 _aSocial Change
908 _aN
909 _a78127
999 _c78127
_d78127